[Event "Esbjerg Autumn 2nd"]
[Site "Esbjerg"]
[Date "2019.10.18"]
[Round "1"]
[White "Rode, Freddy"]
[Black "Wilton, Lars"]
[Result "1/2-1/2"]
[WhiteElo "1666"]
[BlackElo "2055"]
[PlyCount "63"]
[EventDate "2019.10.18"]
[EventType "swiss"]
[EventRounds "7"]
[EventCountry "DEN"]
[SourceTitle "CBM 192 Extra"]
[Source "Chessbase"]
[SourceDate "2019.11.06"]
[SourceVersion "1"]
[SourceVersionDate "2019.11.06"]
[SourceQuality "1"]

1. e4 d5 2. exd5 Nf6 3. Nf3 Nxd5 4. Bc4 Bg4 5. 0-0 e6 6. d3 Nc6 7. Re1 Be7 8. h3 Bh5 9. Bd2 0-0 10. Nc3 Nb6 11. Bb3 Nd4 12. g4 Nxb3 13. axb3 Bg6 14. Bf4 Bd6 15. Ne5 Bxe5 16. Rxe5 Nd7 17. Rea5 a6 18. Qf3 Rb8 19. Qg3 Rc8 20. h4 f6 21. h5 Bf7 22. Ne4 e5 23. Be3 Nb8 24. h6 g6 25. g5 Bd5 26. Nxf6+ Rxf6 27. gxf6 Nc6 28. Bg5 Kf7 29. R5a4 Nd4 30. Rxd4 exd4 31. c4 dxc3 32. bxc3 1/2-1/2

[Event "Erfurt op 28th"]
[Site "Erfurt"]
[Date "2018.12.26"]
[Round "1"]
[White "Rewitz, Poul"]
[Black "Wilton, Lars"]
[Result "1/2-1/2"]
[WhiteElo "2240"]
[BlackElo "2024"]
[PlyCount "128"]
[EventDate "2018.12.26"]
[EventType "swiss"]
[EventRounds "8"]
[EventCountry "GER"]
[SourceTitle "CBM 188 Extra"]
[Source "ChessBase"]
[SourceDate "2019.02.26"]
[SourceVersion "1"]
[SourceVersionDate "2019.02.26"]
[SourceQuality "1"]

1. Nf3 Nf6 2. e3 b6 3. b3 Bb7 4. Bb2 e6 5. d4 c5 6. Be2 Nc6 7. 0-0 Be7 8. dxc5 bxc5 9. c4 d6 10. Nc3 0-0 11. Rc1 Qb6 12. Qc2 Rad8 13. Rfd1 Rd7 14. Qb1 Rfd8 15. Qa1 a6 16. Nd2 Ne5 17. e4 Ng6 18. g3 Bc6 19. f4 Qb7 20. Bf3 e5 21. f5 Nf8 22. Nd5 Bxd5 23. exd5 h6 24. Rf1 N8h7 25. Rce1 a5 26. Bc3 Ra8 27. Qb2 Rdd8 28. Bxe5 Rdb8 29. Bc3 a4 30. h4 Bf8 31. Qc2 axb3 32. axb3 Re8 33. Kf2 Qd7 34. Rxe8 Rxe8 35. Re1 Rxe1 36. Kxe1 Qe8+ 37. Kf2 Nd7 38. Qe4 Qd8 39. Qe2 Be7 40. Ne4 Nhf6 41. Nxf6+ Bxf6 42. Bxf6 Qxf6 43. Kg2 Qxf5 44. Qe8+ Nf8 45. Qe4 Qxe4 46. Bxe4 g6 47. g4 Kg7 48. Kf3 Kf6 49. Ke3 Ke5 50. Bc2 Nd7 51. Bd1 f5 52. gxf5 gxf5 53. Kf3 Nf6 54. Bc2 Nd7 55. Bd1 Nf8 56. Kg3 Ng6 57. Bc2 Nf4 58. Kf3 Nh5 59. Bb1 Nf6 60. Bc2 Ne4 61. Ke3 Ng3 62. Kf3 Ne4 63. Ke3 Nf6 64. Kf3 Ne4 1/2-1/2

[Event "Kiel op 31st"]
[Site "Kiel"]
[Date "2018.08.02"]
[Round "8"]
[White "Tang, Zijie"]
[Black "Wilton, Lars"]
[Result "0-1"]
[WhiteElo "1519"]
[BlackElo "2053"]
[PlyCount "60"]
[EventDate "2018.07.28"]
[EventType "swiss"]
[EventRounds "9"]
[EventCountry "GER"]
[SourceTitle "CBM 185 Extra"]
[Source "ChessBase"]
[SourceDate "2018.07.29"]
[SourceVersion "1"]
[SourceVersionDate "2018.07.29"]
[SourceQuality "1"]

1. d4 Nf6 2. c4 g6 3. g3 Bg7 4. Bg2 0-0 5. Nc3 d6 6. e4 c6 7. Nge2 e5 8. d5 a5 9. Be3 h6 10. Qb3 Nbd7 11. h3 cxd5 12. cxd5 b6 13. 0-0 Nc5 14. Bxc5 bxc5 15. Rfc1 Ba6 16. Qd1 Rb8 17. b3 Rb4 18. Rab1 Qb8 19. a3 Rb7 20. Na2 Bxe2 21. Qxe2 Rxb3 22. Rxb3 Qxb3 23. Nc3 Qxa3 24. Qf1 Rb8 25. Bf3 Rb3 26. Qe1 h5 27. Be2 Bh6 28. Rc2 Qb4 29. Kf1 Nxe4 30. Na2 Nd2+ 0-1

[Event "Kiel op 31st"]
[Site "Kiel"]
[Date "2018.07.28"]
[Round "2"]
[White "Schulze, Lara"]
[Black "Wilton, Lars"]
[Result "1/2-1/2"]
[WhiteElo "2187"]
[BlackElo "2053"]
[PlyCount "50"]
[EventDate "2018.07.28"]
[EventType "swiss"]
[EventRounds "9"]
[EventCountry "GER"]
[SourceTitle "CBM 185 Extra"]
[Source "ChessBase"]
[SourceDate "2018.07.29"]
[SourceVersion "1"]
[SourceVersionDate "2018.07.29"]
[SourceQuality "1"]

1. e4 d5 2. exd5 Nf6 3. d4 Nxd5 4. Nf3 g6 5. Be2 Bg7 6. 0-0 0-0 7. c4 Nb6 8. h3 Nc6 9. Be3 e5 10. d5 Ne7 11. Nc3 Nf5 12. Bc5 Re8 13. g4 Nh4 14. Nxh4 Qxh4 15. Kg2 f5 16. Nb5 Qd8 17. d6 cxd6 18. Bxd6 Bd7 19. Nc7 Bc6+ 20. Kh2 Bh6 21. f4 Bxf4+ 22. Rxf4 exf4 23. Bxf4 Qxd1 24. Bxd1 Re4 25. Nxa8 Rxf4 1/2-1/2

[Event "Teplice op 12th"]
[Site "Teplice"]
[Date "2017.06.10"]
[Round "1"]
[White "Rausis, Igors"]
[Black "Wilton, Lars"]
[Result "1-0"]
[WhiteElo "2617"]
[BlackElo "2070"]
[PlyCount "107"]
[EventDate "2017.06.10"]
[EventType "swiss"]
[EventRounds "9"]
[EventCountry "CZE"]
[SourceTitle "CBM 178 Extra"]
[Source "ChessBase"]
[SourceDate "2017.06.22"]
[SourceVersion "1"]
[SourceVersionDate "2017.06.22"]
[SourceQuality "1"]

1. e4 d5 2. exd5 Nf6 3. Bb5+ Bd7 4. Bc4 b5 5. Bb3 Bg4 6. Nf3 Nxd5 7. Nc3 Nxc3 8. Bxf7+ Kxf7 9. Ng5+ Ke8 10. Qxg4 Nd5 11. Qe6 Qd6 12. Qc8+ Qd8 13. Qf5 Nf6 14. Qxb5+ c6 15. Qb7 Nbd7 16. Ne6 Qc8 17. Qxa8 Qxa8 18. Nc7+ Kd8 19. Nxa8 Kc8 20. d4 Kb7 21. 0-0 Kxa8 22. Re1 Kb7 23. c4 Nb6 24. b3 Kc7 25. Ba3 Kd7 26. Re2 e6 27. Bc5 Ne8 28. Rae1 Nc7 29. g3 Nc8 30. Re3 Be7 31. Bxe7 Nxe7 32. Rf3 Ke8 33. Re5 g6 34. g4 Rf8 35. Kg2 h6 36. h4 Rg8 37. Kf1 Rg7 38. Ke2 Nc8 39. Kd3 a6 40. Rf4 Ke7 41. Rc5 Na7 42. b4 Rg8 43. Ke4 Rb8 44. a3 Rc8 45. Kd3 Rd8 46. a4 Rd7 47. g5 Kd6 48. Rf6 hxg5 49. Rxg5 Rh7 50. Rgxg6 Nc8 51. Rh6 Rg7 52. h5 Ne7 53. Rh8 Nf5 54. Rg6 1-0

[Event "Fredericia Cand"]
[Site "Fredericia"]
[Date "2017.05.27"]
[Round "6"]
[White "Pedersen, Jan Nordenbak"]
[Black "Wilton, Lars"]
[Result "1/2-1/2"]
[WhiteElo "2219"]
[BlackElo "2075"]
[PlyCount "48"]
[EventDate "2017.05.26"]
[EventType "swiss"]
[EventRounds "9"]
[EventCountry "DEN"]
[SourceTitle "CBM 178 Extra"]
[Source "ChessBase"]
[SourceDate "2017.06.22"]
[SourceVersion "1"]
[SourceVersionDate "2017.06.22"]
[SourceQuality "1"]

1. e4 d5 2. exd5 Nf6 3. d4 Nxd5 4. Nf3 g6 5. c4 Nb6 6. Nc3 Bg7 7. h3 0-0 8. Be3 Nc6 9. Qd2 e5 10. d5 Ne7 11. g4 e4 12. Nh4 f5 13. gxf5 Nxf5 14. Nxf5 Bxf5 15. 0-0-0 Nd7 16. Ne2 Ne5 17. Ng3 Nf3 18. Qc2 Qh4 19. Kb1 Rae8 20. Qc1 a5 21. Be2 h6 22. Ka1 Kh7 23. d6 cxd6 24. Rxd6 Ne5 1/2-1/2

[Event "Gothenburg op"]
[Site "Gothenburg"]
[Date "2016.08.19"]
[Round "2"]
[White "Antonsen, Mikkel"]
[Black "Wilton, Lars"]
[Result "1-0"]
[WhiteElo "2475"]
[BlackElo "2087"]
[PlyCount "63"]
[EventDate "2016.08.19"]
[EventType "swiss"]
[EventRounds "8"]
[EventCountry "SWE"]
[SourceTitle "CBM 174 Extra"]
[Source "ChessBase"]
[SourceDate "2016.10.10"]
[SourceVersion "1"]
[SourceVersionDate "2016.10.10"]
[SourceQuality "1"]

1. d4 Nf6 2. c4 e5 3. dxe5 Ng4 4. Bf4 Nc6 5. Nf3 Bb4+ 6. Nc3 Qe7 7. Rc1 Ngxe5 8. Nxe5 Nxe5 9. e3 0-0 10. Be2 d6 11. 0-0 Bxc3 12. Rxc3 Bd7 13. c5 Bc6 14. cxd6 cxd6 15. b4 Rad8 16. b5 Be4 17. Qd4 Ng6 18. Bg3 b6 19. Rfc1 Rd7 20. Rc4 Re8 21. h4 h6 22. h5 Nf8 23. Rc8 Rdd8 24. R8c7 Rd7 25. Rxd7 Qxd7 26. Qxd6 Qb7 27. f3 Bd5 28. e4 Bxa2 29. Qc6 Qe7 30. Ra1 Be6 31. Bd6 Qg5 32. Qxe8 1-0

[Event "Fredericia cand"]
[Site "Fredericia"]
[Date "2015.05.10"]
[Round "5"]
[White "Seegert, Kristian"]
[Black "Wilton, Lars"]
[Result "1-0"]
[WhiteElo "2210"]
[BlackElo "2084"]
[PlyCount "121"]
[EventDate "2015.05.08"]
[EventType "swiss"]
[EventRounds "5"]
[EventCountry "DEN"]
[SourceTitle "EXT 2018"]
[Source "ChessBase"]
[SourceDate "2017.10.13"]
[SourceVersion "1"]
[SourceVersionDate "2017.10.13"]
[SourceQuality "1"]

1. e4 d5 2. exd5 Nf6 3. Nf3 Nxd5 4. d4 g6 5. c4 Nb6 6. Nc3 Bg7 7. c5 Nd5 8. Bc4 c6 9. 0-0 0-0 10. Re1 Nxc3 11. bxc3 Nd7 12. Bg5 Nf6 13. Qb3 h6 14. Ne5 e6 15. Bh4 g5 16. Bg3 Nh5 17. Qd1 Nxg3 18. fxg3 f5 19. g4 f4 20. Qd3 Bxe5 21. Rxe5 Qf6 22. Rae1 Re8 23. h4 Bd7 24. hxg5 hxg5 25. Qf5 Kg7 26. Bxe6 Bxe6 27. Rxe6 Rxe6 28. Qxe6 Rf8 29. Kf2 b6 30. Qxf6+ Kxf6 31. Re5 Rb8 32. g3 fxg3+ 33. Kxg3 b5 34. a3 a5 35. Kf3 b4 36. cxb4 axb4 37. axb4 Rxb4 38. Ke4 Rb1 39. Rf5+ Kg6 40. Ke5 Re1+ 41. Kd6 Re4 42. d5 cxd5 43. c6 Rxg4 44. Rxd5 Rf4 45. c7 Rf8 46. Kc6 Rc8 47. Kb7 Rg8 48. c8Q Rxc8 49. Kxc8 Kh5 50. Kd7 Kh4 51. Ke6 g4 52. Kf5 g3 53. Rd8 g2 54. Rg8 Kh3 55. Kf4 Kh2 56. Rh8+ Kg1 57. Kg3 Kf1 58. Rf8+ Kg1 59. Rf7 Kh1 60. Rh7+ Kg1 61. Rh2 1-0

[Event "Kolding Sondex Cup Gp3"]
[Site "Kolding"]
[Date "2013.04.13"]
[Round "3"]
[White "Thogersen, Rasmus"]
[Black "Wilton, Lars"]
[Result "1-0"]
[WhiteElo "1983"]
[BlackElo "2122"]
[PlyCount "69"]
[EventDate "2013.04.12"]
[EventType "tourn"]
[EventRounds "5"]
[EventCountry "DEN"]
[SourceTitle "EXT 2018"]
[Source "ChessBase"]
[SourceDate "2017.10.13"]
[SourceVersion "1"]
[SourceVersionDate "2017.10.13"]
[SourceQuality "1"]

1. e4 d5 2. exd5 Nf6 3. d4 Nxd5 4. c4 Nb6 5. Nc3 g6 6. Nf3 Bg7 7. Be2 0-0 8. 0-0 Nc6 9. Be3 e5 10. d5 Ne7 11. a4 Nf5 12. Bg5 f6 13. Bc1 Nd7 14. b4 Re8 15. Bd3 Nd4 16. Nxd4 exd4 17. Nb5 f5 18. Bb2 Ne5 19. Nxd4 Qh4 20. Rb1 Ng4 21. Nf3 Qh6 22. c5 Bd7 23. Bc4 Re4 24. d6+ Kh8 25. Bd5 Rae8 26. Bxg7+ Qxg7 27. dxc7 Bc8 28. Bxe4 fxe4 29. Qd8 Qf8 30. Rbd1 Nf6 31. Rfe1 Kg7 32. Ng5 h6 33. Qxc8 hxg5 34. Qd8 Ng4 35. Qd2 1-0

[Event "DEN-ch rapid"]
[Site "Middelfart"]
[Date "2012.09.30"]
[Round "1"]
[White "Wilton, Lars"]
[Black "Bromann, Thorbjorn"]
[Result "0-1"]
[WhiteElo "2082"]
[BlackElo "2361"]
[PlyCount "58"]
[EventDate "2012.09.30"]
[EventType "swiss (rapid)"]
[EventRounds "7"]
[EventCountry "DEN"]
[SourceTitle "EXT 2018"]
[Source "ChessBase"]
[SourceDate "2017.10.13"]
[SourceVersion "1"]
[SourceVersionDate "2017.10.13"]
[SourceQuality "1"]

1. d4 g6 2. Nf3 Bg7 3. g3 Nf6 4. Bg2 0-0 5. 0-0 d6 6. c4 Nc6 7. Nc3 a6 8. h3 Rb8 9. d5 Na5 10. b3 c5 11. dxc6 bxc6 12. Bd2 Bf5 13. Nd4 Bd7 14. e4 c5 15. Nc2 Nc6 16. Be3 Qc8 17. Kh2 Ng4+ 18. hxg4 Bxc3 19. Rc1 Bxg4 20. Bf3 Bd7 21. Bh6 Re8 22. Qd3 Bh8 23. Be2 a5 24. Rb1 a4 25. f4 axb3 26. axb3 Ra8 27. f5 Ra2 28. Kh1 Ne5 29. Qd1 Bc6 0-1

[Event "Bornholms Sommer A1"]
[Site "Ronne"]
[Date "2011.07.09"]
[Round "3"]
[White "Wilton, Lars"]
[Black "Lilja, Richard"]
[Result "0-1"]
[WhiteElo "2106"]
[BlackElo "2081"]
[PlyCount "78"]
[EventDate "2011.07.08"]
[EventType "tourn"]
[EventRounds "5"]
[EventCountry "DEN"]
[SourceTitle "EXT 2023"]
[Source "ChessBase"]
[SourceDate "2022.10.05"]
[SourceVersion "1"]
[SourceVersionDate "2022.10.05"]
[SourceQuality "1"]

1. d4 g6 2. Nf3 Bg7 3. c4 Nf6 4. Nc3 0-0 5. g3 d6 6. Bg2 Nc6 7. d5 Na5 8. Qd3 c5 9. 0-0 a6 10. Nd2 b5 11. b3 Nd7 12. cxb5 axb5 13. Rb1 b4 14. Nd1 Ba6 15. Qe4 Bb7 16. Qc2 Nb6 17. e4 e6 18. Ne3 exd5 19. exd5 Bh6 20. Bb2 f5 21. f4 Re8 22. Rbe1 Qd7 23. Ba1 Bg7 24. Ndc4 Naxc4 25. Nxc4 Nxc4 26. bxc4 Rxe1 27. Rxe1 Bxa1 28. Rxa1 Qa4 29. Qe2 Re8 30. Qf2 Kf8 31. Rb1 Qa3 32. Rb3 Qc1+ 33. Bf1 Ba6 34. Qb2 Qd1 35. Qh8+ Kf7 36. Qxh7+ Kf6 37. Rd3 Qe1 38. Qd7 Bxc4 39. Qxd6+ Kg7 0-1

[Event "Borup op 5th"]
[Site "Borup"]
[Date "2010.09.09"]
[Round "5"]
[White "Wilton, Lars"]
[Black "Danielsen, Henrik"]
[Result "0-1"]
[WhiteElo "2136"]
[BlackElo "2529"]
[PlyCount "68"]
[EventDate "2010.09.03"]
[EventType "swiss"]
[EventRounds "9"]
[EventCountry "DEN"]
[SourceTitle "CBM 138 Extra"]
[Source "ChessBase"]
[SourceDate "2010.10.29"]
[SourceVersion "1"]
[SourceVersionDate "2010.10.29"]
[SourceQuality "1"]

1. d4 g6 2. Nf3 Bg7 3. c4 d6 4. Nc3 Bg4 5. e3 c5 6. dxc5 Bxc3+ 7. bxc3 dxc5 8. Qxd8+ Kxd8 9. Ne5 Be6 10. Nd3 b6 11. Nf4 Bd7 12. Be2 Nc6 13. Bf3 Rc8 14. Bxc6 Bxc6 15. f3 Nf6 16. e4 Nd7 17. Nd3 Kc7 18. Bf4+ Kb7 19. Ke2 Rhd8 20. h4 f6 21. Rad1 Nf8 22. Nb2 Ne6 23. Be3 Be8 24. Rxd8 Nxd8 25. h5 gxh5 26. g4 hxg4 27. fxg4 Bg6 28. Kf3 Nf7 29. Bf4 e5 30. Bc1 Nd6 31. Re1 Rg8 32. Bd2 h5 33. gxh5 Bxh5+ 34. Kf2 Rg4 0-1

[Event "North Sea Cup 19th"]
[Site "Esbjerg"]
[Date "2004.07.07"]
[Round "6"]
[White "Sedlak, Nikola"]
[Black "Wilton, Lars"]
[Result "1-0"]
[WhiteElo "2519"]
[BlackElo "2167"]
[PlyCount "57"]
[EventDate "2004.07.03"]
[EventType "swiss"]
[EventRounds "9"]
[EventCountry "DEN"]
[SourceTitle "CBM 101 Extra"]
[Source "ChessBase"]
[SourceDate "2004.09.01"]
[SourceVersion "2"]
[SourceVersionDate "2004.09.01"]
[SourceQuality "1"]

1. e4 d5 2. exd5 Nf6 3. Bb5+ Bd7 4. Be2 Nxd5 5. d4 g6 6. c4 Nb6 7. Nc3 Bc8 8. Nf3 Bg7 9. h3 0-0 10. Be3 Nc6 11. Qd2 e5 12. d5 Ne7 13. g4 e4 14. Nxe4 f5 15. Nc5 fxg4 16. hxg4 Rxf3 17. Bxf3 Nxc4 18. Qe2 Ne5 19. 0-0-0 Qf8 20. Be4 Nxg4 21. Bg5 Nf5 22. Ne6 Bxe6 23. dxe6 Qc5+ 24. Kb1 Nxf2 25. Rd5 Qb6 26. Bxf5 gxf5 27. e7 Ne4 28. Rd8+ Kf7 29. e8Q# 1-0

[Event "DEN-chT 9900"]
[Site "Denmark"]
[Date "2000.03.19"]
[Round "7.8"]
[White "Wilton, Lars"]
[Black "Baekgaard, Martin"]
[Result "1/2-1/2"]
[WhiteElo "2270"]
[BlackElo "2068"]
[PlyCount "42"]
[EventDate "1999.11.07"]
[EventType "team-tourn"]
[EventRounds "7"]
[EventCountry "DEN"]
[SourceTitle "EXT 2023"]
[Source "ChessBase"]
[SourceDate "2022.10.05"]
[SourceVersion "1"]
[SourceVersionDate "2022.10.05"]
[SourceQuality "1"]
[WhiteTeam "Sydostfyn"]
[BlackTeam "Skolerne"]
[WhiteTeamCountry "DEN"]
[BlackTeamCountry "DEN"]

1. g3 d6 2. Bg2 g6 3. c4 Bg7 4. Nc3 f5 5. d4 Nf6 6. d5 Na6 7. Nh3 e5 8. dxe6 Nc5 9. Nf4 c6 10. 0-0 0-0 11. Qc2 Nxe6 12. Rd1 Qe7 13. Nxe6 Bxe6 14. b3 Rad8 15. Bb2 Rd7 16. Rd2 Rfd8 17. Rad1 Qf7 18. Nd5 Bxd5 19. cxd5 c5 20. a4 Re8 21. Bxf6 Qxf6 1/2-1/2

[Event "DEN-chT 9900"]
[Site "Denmark"]
[Date "1999.11.20"]
[Round "2.7"]
[White "Lowenstein, Nicolai"]
[Black "Wilton, Lars"]
[Result "1/2-1/2"]
[WhiteElo "2138"]
[BlackElo "2270"]
[PlyCount "31"]
[EventDate "1999.11.07"]
[EventType "team-tourn"]
[EventRounds "7"]
[EventCountry "DEN"]
[SourceTitle "EXT 2023"]
[Source "ChessBase"]
[SourceDate "2022.10.05"]
[SourceVersion "1"]
[SourceVersionDate "2022.10.05"]
[SourceQuality "1"]
[WhiteTeam "Aarhus"]
[BlackTeam "Sydostfyn"]
[WhiteTeamCountry "DEN"]
[BlackTeamCountry "DEN"]

1. e4 d5 2. exd5 Nf6 3. d4 Nxd5 4. Be2 Nc6 5. Nf3 Bg4 6. 0-0 e6 7. c4 Nb6 8. Be3 Bxf3 9. Bxf3 Nxc4 10. Qa4 Nb6 11. Bxc6+ bxc6 12. Qxc6+ Qd7 13. Qxd7+ Kxd7 14. Nc3 Bd6 15. Rfd1 Nd5 16. Rac1 1/2-1/2